01757nam a22002177a 450000500170000000800410001702000150005804000070007304100120008008200250009210000170011724500940013426000480022830000340027652011270031065000100143765000350144765000250148265000130150770000190152020220630135150.0220630b ||||| |||| 00| 0 eng d a0691018987 cAL aEnglish 223a331.340954bWEIC aMyron Weiner aChild and the State in India: Child Labor and Education Policy in Comparative Perspective aPrincetonbPrinceton University Pressc1991 axiv,213 p.bPBc23x15.555 cm. aIndia has the largest number of non-schoolgoing working children in the world. Why has the government not removed them from the labor force and required that they attend school, as have the governments of all developed and many developing countries? To answer this question, this major comparative study first looks at why and when other states have intervened to protect children against parents and employers. By examining Europe of the nineteenth century, the United States, Japan, and a number of developing countries, Myron Weiner rejects the argument that children were removed from the labor force only when the incomes of the poor rose and employers needed a more skilled labor force. Turning to India, the author shows that its policies arise from fundamental beliefs, embedded in the culture, rather than from economic conditions. Identifying the specific values that elsewhere led educators, social activists, religious leaders, trade unionists, military officers, and government bureaucrats to make education compulsory and to end child labor, he explains why similar groups in India do not play the same role. aIndia aChild labor--Government policy aEducation Compulsory aChildren aWEINER (Myron)